000 00807nam a22002897a 4500
001 BS2023000257
003 BR-BrBNA
005 20250529152210.0
008 250529b bl.||||| |||| 00| 0 por d
020 _a978-85-345-2077-5
040 _aBR-BrBNA
_bpor.
041 _apor.
072 _aE11
100 _4aut.
_aFinley, Mark
100 _4aut.
_aLandless, Peter
100 _4trad.
_aNascimento, Cecilia Eller
100 _4trad.
_aGazeta, Sônia Mastrocola
245 _aViva com esperança :
_bSegredos para ter saúde e qualidades de vida /
260 _aTatuí - SP :
_bCasa publicadora Brasileira,
_c2014
300 _a111p.
650 _aALIMENTAÇÃO
650 _aSAUDE
650 _aBEM - ESTAR
909 _a202505
_bMaria Neves
942 _cBK
999 _c331793
_d331793